000 00879cam a2200301 a 4500
001 22846
003 SK-KTurca
005 20260429131402.0
008 240318s2015 xo g 000 f slo
015 _aSNBA2016/05
020 _a9788081640513
_q(viaz.)
035 _aurn:nbn:sk:snk-am00beuf
035 _aurn:nbn:sk:snk-am3h874
035 _a9767DCF0-47B8-456B-B716-255462E42500
040 _aPPPK
_bslo
_cPPPK
_dSNK
_eAACR2
041 0 _aslo
044 _axo
_cSK
072 7 _a821.162.4-3
_xSlovenská próza
_2konspekt
080 _a821.162.4-31
_22011
100 1 _aBožiková, Lucia
_4aut
245 1 0 _aHlavolam lásky
_búspech sa neodpúšťa
_cLucia Božiková
250 _a1. vyd.
260 _a[Bratislava]
_bMotýľ
_c2015
300 _a205 s.
_c21 cm
655 7 _aslovenské romány
_2SNKPH
655 7 _aSlovak fiction
_2SNKPHeng
942 _2ddc
_cKLDO
_n0
999 _c22846
_d22846